000 00758nam a2200193Ia 4500
008 151119s9999||||xx |||||||||||||| ||und||
082 _a615.535
082 _bGKKV23533
100 _aगाला धनवान
245 _aआरोग्याची गुरुकिल्ली निसर्गोपचार पद्धती
260 _a--
260 _b--
260 _c0
600 _aगाला धनवान
630 _aआरोग्याची गुरुकिल्ली निसर्गोपचार पद्धती
700 _aगाला धनवान
730 _aआरोग्याची गुरुकिल्ली निसर्गोपचार पद्धती
942 _cBOOK
999 _c1076173
_d1076170